00772nam a2200205 a 450000100100000000500170001000800410002702000150006804000250008308200160010810000320012424500990015626000450025530000210030050000570032170000480037804900090042695201140043599900170054900001618520200929164317.0100301s2004 dr 000 0 spa d a9993422576 aDO-SdBNPbspacBNPHU axxxxbB446d1 aBello Rosa, Virgilio93621114aLos dictámenes del procurador /cVirgilio Bello Rosa ; prólogo Juan Ml. Pellerano Gómez. aSanto Domingo :bEl Nuevo Diario,c2004. a549 p. ;c21 cm. aIncluye datos biográficos del autor en las solapas1 aPellerano Gómez, Juan Ml.epról.911850 aBNPD 0010718PDaPDbPDcCTd2010-03-01iLF1l0oxxxx B446dp16185-10r2020-06-25w2020-06-25yLFPDZNo se presta c15724d15724